| 000 | 00561nam a2200169 i 4500 | ||
|---|---|---|---|
| 001 | bg | ||
| 245 | 0 |
_aBadania nad współzależnością funkcji i formy w architekturze : _bzastosowanie metod analizy matematyczno-logicznej / _c[aut. Adam Szymski et al.]. |
|
| 260 |
_aSzczecin, _c1976. |
||
| 490 | 1 |
_aPrace Naukowe Politechniki Szczecińskiej ; _vnr 66 |
|
| 700 | 1 | _aSzymski, Adam. | |
| 830 | _aPrace Naukowe Politechniki Szczecińskiej ; | ||
| 040 | _cBPK | ||
| 041 | _apol | ||
| 080 | _a72.00 | ||
| 942 | _cKS | ||
| 008 | s pl f |000 0 pol | ||
| 999 |
_c27567 _d27567 |
||
| 856 |
_uhttp://koha.tu.koszalin.pl/cgi-bin/koha/opac-detail.pl?biblionumber=27567 _yKatalog online BPK |
||